|
|
|
|
| LEADER |
00000nam a2200000 a 4500 |
| 001 |
UCH7130 |
| 003 |
CL-VaPUC |
| 008 |
091109e19500000SP |||||||||||||||||spa|d |
| 082 |
0 |
4 |
|a 940.1
|b CRU
|2 21
|
| 100 |
0 |
|
|a Crump, C. G
|e author
|9 543571
|
| 700 |
0 |
|
|a Jacob, E. F
|e author
|9 543572
|
| 245 |
1 |
3 |
|a El legado de la Edad Media
|
| 250 |
|
|
|a 2a. ed
|
| 300 |
|
|
|a 744 p
|
| 942 |
|
|
|c BK
|
| 945 |
|
|
|d 20091109 00:00:00
|a lazolas
|
| 260 |
|
|
|a Madrid
|b Pegaso
|c 1950
|
| 650 |
|
0 |
|a Historia de Europa
|9 392003
|
| 650 |
|
0 |
|a Edad media
|9 258041
|
| 650 |
|
0 |
|a Vida cristiana
|9 258753
|
| 650 |
|
0 |
|a Arte medieval
|9 267894
|
| 650 |
|
0 |
|a Literatura medieval
|9 266338
|
| 650 |
|
0 |
|a Filosofía medieval
|9 256245
|
| 650 |
|
0 |
|a Derecho medieval
|9 314261
|
| 650 |
|
7 |
|a ECONOMIA MEDIEVAL
|2 CL-VaPUC
|9 440851
|
| 651 |
|
0 |
|a Europa
|9 255156
|
| 583 |
|
|
|a last modification
|c 20160913 04:39:39
|k Rodrigo Vera
|
| 999 |
|
|
|c 337833
|d 337831
|